000 01017cam a22003015a 4500
001 16199000
003 OSt
005 20150408114001.0
008 111215s2010 enk b 000 j eng d
010 _a 2010292818
015 _aGBA9A8241
_2bnb
016 7 _a015414659
_2Uk
020 _a9780199239498 (pbk. : acidfree paper)
035 _a(OCoLC)ocn456181708
040 _aUKM
_cMU
042 _alccopycat
082 0 4 _a823.8 G E C
_222
100 1 _aGaskell, Elizabeth Cleghorn,
_d1810-1865.
_98163
245 1 0 _aCousin Phillis and other stories /
_cElizabeth Gaskell ; edited with an introduction and notes by Heather Glen.
260 _aOxford ;
_aNew York :
_bOxford University Press,
_c2010.
300 _axlv, 267 p. ;
_c20 cm.
490 0 _aOxford world's classics
504 _aIncludes bibliographical references.
700 1 _aGlen, Heather.
_98609
906 _a0
_bibc
_ccopycat
_d2
_encip
_f20
_gy-gencatlg
942 _2ddc
_cDVD
999 _c20057
_d254557